Statistics for Guess the 13 Slavic Countries!

Click here to take the quiz!

General Stats

  • This quiz has been taken 135 times
  • The average score is 12 of 13

Answer Stats

HintAnswer% Correct
Currently in problems with Russia over their southern region.Ukraine
95%
Was bombed by NATO over war crimes during the Yugoslav Wars.Serbia
94%
Its capital borders 2 other countries!Slovakia
94%
Most Catholic churches among the Slavic countries.Poland
93%
Its capital city has the world famous St. Basil's Cathedral.Russia
93%
Has disputes with Italy over one of its regions.Croatia
91%
Highest GDP of the former Yugoslav countries.Slovenia
90%
Most Muslims out of all the Slavic countries.Bosnia & Herzegovina
88%
Currently undergoing a process of changing its name.Macedonia
86%
Seen as the "last dictatorship in Europe".Belarus
85%
Only country to never change its name.Bulgaria
85%
Most beer consumption per capita.Czechia
83%
Lowest population out of the Slavic countries.Montenegro
82%

Score Distribution

Percentile by Number Answered

Percent of People with Each Score

Your Score History

You have not taken this quiz